Villes de l'Aube par arrondissement - Statistiques

Statistiques générales
  • Ce quiz a été pris 50 fois
  • Le résultat moyen est 7 sur 15
Statistiques - réponses
Ville Population % Correct
Bar-sur-Aube 4 753
90%
Troyes 62 782
90%
Nogent-sur-Seine 5 809
87%
Romilly-sur-Seine 14 766
69%
Saint-André-les-Vergers 12 775
62%
La Chapelle-Saint-Luc 12 299
54%
Sainte-Savine 10 515
51%
Saint-Julien-les-Villas 6 745
49%
Brienne-le-Château 2 738
26%
Vendeuvre-sur-Barse 2 287
26%
Ville-sous-la-Ferté 905
26%
Dienville 834
8%
Maizières-la-Grande-Paroisse 1 513
8%
Marigny-le-Châtel 1 756
8%
Villenauxe-la-Grande 2 645
3%
Aucun quiz correspondant
Distribution des résultats
% des personnes avec chaque résultat
Percentile par nombre de réponses
Votre historique - résultats
Vous n’avez pas pris ce quiz